Elements of civil engineering and engineering mechanics / (Record no. 60439)

MARC details
000 -LEADER
fixed length control field 00934nam a22002657a 4500
005 - DATE AND TIME OF LATEST TRANSACTION
control field 20120106114749.0
008 - FIXED-LENGTH DATA ELEMENTS--GENERAL INFORMATION
fixed length control field 120106t xxu||||| |||| 00| 0 eng d
010 ## - LCCN (DPL NO)
LC control number ENG-104625
020 ## - INTERNATIONAL STANDARD BOOK NUMBER
International Standard Book Number 9789380408798
Terms of availability 250.00
035 ## - SYSTEM CONTROL NUMBER
System control number EN-88158
037 ## - SOURCE OF ACQUISITION
Source of stock number/acquisition DBAD/PUB
040 ## - CATALOGING SOURCE
Original cataloging agency DPL
Language of cataloging Eng
082 ## - DEWEY DECIMAL CLASSIFICATION NUMBER
Classification number 624
100 ## - MAIN ENTRY--PERSONAL NAME
Personal name Shankaraiah, G.M.
9 (RLIN) 38484
245 ## - TITLE STATEMENT
Title Elements of civil engineering and engineering mechanics /
Statement of responsibility, etc by G.M. Shankaraiah [and] M.S. Roopashree
260 ## - PUBLICATION, DISTRIBUTION, ETC. (IMPRINT)
Place of publication, distribution, etc New Delhi
Name of publisher, distributor, etc Acme Learning
Date of publication, distribution, etc 2011
270 ## - ADDRESS
Address 2/8 Ansari Road Darya Ganj
City New Delhi
Postal code 110002
300 ## - PHYSICAL DESCRIPTION
Extent ix,418p. :
Other physical details ill.
Dimensions 24cm(pbk)
500 ## - GENERAL NOTE
General note Includes index
650 ## - SUBJECT ADDED ENTRY--TOPICAL TERM
Topical term or geographic name as entry element Civil engineering
9 (RLIN) 38486
650 ## - SUBJECT ADDED ENTRY--TOPICAL TERM
Topical term or geographic name as entry element Mechanics, Applied
9 (RLIN) 38487
700 ## - ADDED ENTRY--PERSONAL NAME
Personal name Roopashree, M.S.
9 (RLIN) 38485
942 ## - ADDED ENTRY ELEMENTS (KOHA)
Source of classification or shelving scheme Dewey Decimal Classification
Item type English Books
Classification part 624
Call number suffix SHA
Holdings
Withdrawn status Lost status Source of classification or shelving scheme Damaged status Not for loan Collection code Home library Current library Date acquired Source of acquisition Cost, normal purchase price Total Checkouts Full call number Barcode Date last seen Copy number Cost, replacement price Koha item type
    Dewey Decimal Classification   Not For Loan Non-fiction D.B.Act.Division D.B.Act.Division 06/01/2012 DBAD/PUB 250.00   624 SHA EN-88158 06/01/2012 1 250.00 English Books

© Delhi Public Library
Hit Counter
free hit counter